Tajemství zdravého pohybu /
Rozhovor s fyzioterapeutem, který pracoval pro tenisovou ATP, staral se o Rafaela Nadala, Rogera Federera, Tomáše Berdycha, Karolínu Plíškovou i fotbalisty Realu Madrid, AC Milán a Sparty Praha. Kromě sportovců léčí také filmové hvězdy.
Uloženo v:
| Hlavní autor: | |
|---|---|
| Další autoři: | |
| Médium: | E-kniha |
| Jazyk: | Czech |
| Vydáno: |
V Praze :
Vyšehrad,
2024
|
| Vydání: | Vydání první |
| Edice: | Rozhovory (Vyšehrad)
|
| Témata: | |
| Tagy: |
Žádné tagy |
| LEADER | 03015nam a2200697 i 4500 | ||
|---|---|---|---|
| 001 | 312536 | ||
| 003 | CZ PrSKC | ||
| 005 | 20260601215724.0 | ||
| 007 | ta | ||
| 008 | 241009s2024 xr acf e 000 0dcze | ||
| 015 | |a cnb003636681 | ||
| 020 | |a 9788026730170 |q (vázáno) | ||
| 035 | |a (OCoLC)1468020789 | ||
| 040 | |a BOA001 |b cze |e rda | ||
| 043 | |a e-xr--- | ||
| 045 | |a x7y- | ||
| 072 | 7 | |a 615.8 |x Fyzioterapie. Psychoterapie. Alternativní lékařství |2 Konspekt | |
| 072 | 7 | |a 929 |x Biografie |2 Konspekt | |
| 080 | |a 615.81/.84-051 |2 MRF | ||
| 080 | |a 796.071.43 |2 MRF | ||
| 080 | |a 615.81/.84 |2 MRF | ||
| 080 | |a 616.8-009.7-08 |2 MRF | ||
| 080 | |a 615.81/.84:796/799 |2 MRF | ||
| 080 | |a 613 |2 MRF | ||
| 080 | |a 929 |2 MRF | ||
| 080 | |a (437.3) |2 MRF | ||
| 080 | |a (047.53) |2 MRF | ||
| 100 | 1 | |a Novotný, Michal, |d 1974- |7 xx0310961 |4 aut | |
| 245 | 1 | 0 | |a Tajemství zdravého pohybu / |c Karolína Lišková, Michal Novotný |
| 250 | |a Vydání první | ||
| 264 | 1 | |a V Praze : |b Vyšehrad, |c 2024 | |
| 300 | |a 265 stran, 40 nečíslovaných stran obrazových příloh : |b ilustrace (některé barevné), portréty ; |c 21 cm | ||
| 336 | |a text |b txt |2 rdacontent | ||
| 337 | |a bez média |b n |2 rdamedia | ||
| 338 | |a svazek |b nc |2 rdacarrier | ||
| 490 | 1 | |a Rozhovory | |
| 520 | 2 | |a Rozhovor s fyzioterapeutem, který pracoval pro tenisovou ATP, staral se o Rafaela Nadala, Rogera Federera, Tomáše Berdycha, Karolínu Plíškovou i fotbalisty Realu Madrid, AC Milán a Sparty Praha. Kromě sportovců léčí také filmové hvězdy. | |
| 600 | 1 | 7 | |a Novotný, Michal, |d 1974- |7 xx0310961 |2 czenas |
| 648 | 7 | |a 20.-21. století |7 ch462155 |2 czenas | |
| 650 | 0 | 7 | |a fyzioterapeuti |7 ph871608 |z Česko |y 20.-21. století |2 czenas |
| 650 | 0 | 7 | |a trenéři |7 ph202160 |z Česko |y 20.-21. století |2 czenas |
| 650 | 0 | 7 | |a fyzioterapie |7 ph120452 |2 czenas |
| 650 | 0 | 7 | |a sportovní fyzioterapie |7 ph630718 |2 czenas |
| 650 | 0 | 7 | |a terapie bolesti |7 ph135067 |2 czenas |
| 650 | 0 | 7 | |a zdravý životní styl |7 ph127592 |2 czenas |
| 650 | 0 | 9 | |a physiotherapists |z Czechia |y 20th-21st centuries |2 eczenas |
| 650 | 0 | 9 | |a sports coaches |z Czechia |y 20th-21st centuries |2 eczenas |
| 650 | 0 | 9 | |a physiotherapy |2 eczenas |
| 650 | 0 | 9 | |a sports physiotherapy |2 eczenas |
| 650 | 0 | 9 | |a pain therapy |2 eczenas |
| 650 | 0 | 9 | |a healthy lifestyle |2 eczenas |
| 655 | 7 | |a rozhovory |7 fd133303 |2 czenas | |
| 655 | 9 | |a interviews |2 eczenas | |
| 700 | 1 | |a Lišková, Karolína |7 mzk20241241027 |4 aut | |
| 830 | 0 | |a Rozhovory (Vyšehrad) | |
| 900 | |a ABA001 |b 19 | ||
| 928 | 9 | |a Albatros Media - Vyšehrad | |
| 044 | |a xr | ||
| 910 | |a RBIT002 | ||
| 998 | |d 414876 |a https://core.palmknihy.cz/api/books/414876/cover?sljddk |b https://core.palmknihy.cz/api/books/414876/cover/400?sljddk |c https://core.palmknihy.cz/api/books/414876/cover/50?sljddk |e 2034-12-31 |g 312 |i 9788026730170 |j https://core.palmknihy.cz/api/books/414876/preview.epub |k https://core.palmknihy.cz/api/books/414876/preview.pdf |l |q 49 |r 1 |s https://www.palmknihy.cz/kniha/414876 |t ebook |y 2024 |z 0 | ||
| 999 | |d 312534 | ||